000 00557nam a2200193Ia 4500
008 240729s9999 xx 000 0 und d
022 _a1546-0096
245 0 _aPediatric Rheumatology Online Journal
260 _aUnited Kingdom
260 _bBMC
650 _a Diseases of the musculoskeletal system
650 _a Internal medicine
650 _a Pediatrics | Medicine
650 _a Specialties of internal medicine
650 _aMedicine
856 _uhttps://doaj.org/toc/f3d50a96406e41b3a4eb083e165ce72f
942 _2ddc
942 _cDOAJEJ
999 _c74529
_d74529
945 _a1
_bMadushi Gamage
_c1
_dMadushi Gamage